Top 10 Countries by Uranium Mining Production - Statistics

General Stats
  • This quiz has been taken 87 times
  • The average score is 7 of 10
Answer Stats
Tonnes Country % Correct
2508 Russia
100%
1700 (est.) China
96%
7351 Canada
88%
4553 Australia
87%
600 (est.) India
76%
21227 Kazakhstan
74%
200 (est.) South Africa
69%
2020 Niger
56%
3300 (est.) Uzbekistan
50%
5613 Namibia
35%
No matching quizzes found
Score Distribution
Percent of People with Each Score
Percentile by Number Answered
Your Score History
You have not taken this quiz